书目信息 |
| 题名: |
篮球裁判600问
|
|
| 作者: | 郭玉佩 著 | |
| 分册: | ||
| 出版信息: | 北京 人民体育出版社 |
|
| 页数: | 265页 | |
| 开本: | 32开 | |
| 丛书名: | ||
| 单 册: | ||
| 中图分类: | G841.4-44 | |
| 科图分类: | ||
| 主题词: | 球类运动 | |
| 电子资源: | ||
| ISBN: | 7-5009-1258-7 | |
| 000 | 00528nam0 2200193 45 | |
| 001 | 0006121567 | |
| 005 | 20000612152204.8 | |
| 010 | @a7-5009-1258-7@d11.00元 | |
| 100 | @a20000612d km y0chiy0120 ea | |
| 101 | 0 | @achi |
| 105 | @a z 000yy | |
| 200 | 1 | @a篮球裁判600问@ALan Qiu Cai Pan 600 Wen@f郭玉佩著@FGuo Yu Pei Zhu |
| 210 | @a北京@c人民体育出版社 | |
| 215 | @a265页@d32开 | |
| 606 | 0 | @a球类运动 |
| 690 | @aG841.4-44@v3 | |
| 701 | 0 | @a郭玉佩@4著 |
| 801 | @aCN@bPftUser@c20000612 | |
| 905 | @b203687@dG841.4-44@eG673@f1 | |
| 篮球裁判600问/郭玉佩著.-北京:人民体育出版社 |
| 265页;32开 |
| ISBN 7-5009-1258-7:11.00元 |
| ● |
| 相关链接 |
|
|
|
正题名:篮球裁判600问
索取号:G841.4-44/G673
 
预约/预借
| 序号 | 登录号 | 条形码 | 馆藏地/架位号 | 状态 | 备注 |
| 1 | 203687 | 202036876 | 社科库409/409社科库 23排1列4层/ [索取号:G841.4-44/G673] | 在馆 |